[Event "Oberliga Sued W 1718"]
[Site "Germany"]
[Date "2017.11.26"]
[Round "5.4"]
[White "Czybik, Nils Patrick"]
[Black "Biehler, Thomas"]
[Result "1/2-1/2"]
[WhiteElo "2169"]
[BlackElo "2213"]
[PlyCount "28"]
[EventDate "2017.09.10"]
[EventType "team-tourn"]
[EventRounds "11"]
[EventCountry "GER"]
[SourceTitle "EXT 2019"]
[Source "ChessBase"]
[SourceDate "2018.10.10"]
[SourceVersion "1"]
[SourceVersionDate "2018.10.10"]
[SourceQuality "1"]
[WhiteTeam "Schwarzenbach Caissa"]
[BlackTeam "Illingen Turm"]
[WhiteTeamCountry "GER"]
[BlackTeamCountry "GER"]

1. Nf3 Nf6 2. c4 e6 3. g3 d5 4. d4 Be7 5. Bg2 0-0 6. 0-0 dxc4 7. Qc2 a6 8. a4 Bd7 9. Qxc4 Bc6 10. Bf4 a5 11. Nc3 Na6 12. Rae1 Nd7 13. e4 Nb6 14. Qb3 Bb4 1/2-1/2

[Event "Oberliga Sued W 1718"]
[Site "Germany"]
[Date "2017.10.22"]
[Round "3.4"]
[White "Czybik, Nils Patrick"]
[Black "Hein, Ralf1111"]
[Result "1-0"]
[WhiteElo "2169"]
[BlackElo "1936"]
[PlyCount "83"]
[EventDate "2017.09.10"]
[EventType "team-tourn"]
[EventRounds "11"]
[EventCountry "GER"]
[SourceTitle "EXT 2019"]
[Source "ChessBase"]
[SourceDate "2018.10.10"]
[SourceVersion "1"]
[SourceVersionDate "2018.10.10"]
[SourceQuality "1"]
[WhiteTeam "Schwarzenbach Caissa"]
[BlackTeam "Trier"]
[WhiteTeamCountry "GER"]
[BlackTeamCountry "GER"]

1. d4 Nf6 2. c4 g6 3. Nc3 Bg7 4. Nf3 0-0 5. g3 d6 6. Bg2 Nc6 7. 0-0 a6 8. d5 Na5 9. b3 c5 10. dxc6 Ne4 11. c7 Qxc7 12. Nd5 Qd8 13. Nd4 Nf6 14. Bb2 e6 15. Nxf6+ Bxf6 16. Qd2 e5 17. Nc2 Bg5 18. e3 Nc6 19. Ba3 Bf5 20. Rac1 Be7 21. Rfd1 Bg4 22. f3 Be6 23. Nb4 Nxb4 24. Bxb4 Qb6 25. Kf2 a5 26. Bxd6 Bxd6 27. Qxd6 Qxd6 28. Rxd6 a4 29. Rc2 b5 30. cxb5 a3 31. Ra6 Bf5 32. e4 Bd7 33. Bf1 f5 34. exf5 Bxf5 35. Rxa8 Rxa8 36. Bc4+ Kf8 37. Re2 Rd8 38. Rxe5 Rd2+ 39. Re2 Rb2 40. b6 Bc8 41. Ke3 Ke7 42. Bd5 1-0

[Event "Maastricht Limburg op-A 7th"]
[Site "Maastricht"]
[Date "2013.05.18"]
[Round "3"]
[White "Czybik, Nils Patrick"]
[Black "Jakob, Matthias"]
[Result "1/2-1/2"]
[WhiteElo "2171"]
[BlackElo "2020"]
[PlyCount "71"]
[EventDate "2013.05.17"]
[EventType "swiss"]
[EventRounds "7"]
[EventCountry "NED"]
[SourceTitle "EXT 2014"]
[Source "ChessBase"]
[SourceDate "2013.11.20"]
[SourceVersion "1"]
[SourceVersionDate "2013.11.20"]
[SourceQuality "1"]

1. Nf3 Nf6 2. g3 b6 3. Bg2 Bb7 4. 0-0 c5 5. c4 Nc6 6. Re1 e6 7. e4 d6 8. d4 cxd4 9. Nxd4 Nxd4 10. Qxd4 Qc8 11. Nc3 Be7 12. b3 0-0 13. Ba3 Rd8 14. Rad1 Qc6 15. f4 a6 16. Re2 Qc7 17. Red2 Rac8 18. Bb4 Ne8 19. Qe3 Nf6 20. h3 Rd7 21. e5 Ne8 22. Bxb7 Qxb7 23. exd6 Bf8 24. Ne4 Rcd8 25. c5 bxc5 26. Bxc5 Qc6 27. Rc1 Qb5 28. b4 h6 29. Rcd1 Qc6 30. Rc1 Qb5 31. Bb6 Rb8 32. Bc5 Rbd8 33. Bb6 Rb8 34. Ba5 Nxd6 35. Bc7 Nf5 36. Qb3 1/2-1/2

[Event "Goch op 22nd"]
[Site "Goch"]
[Date "2011.10.01"]
[Round "4"]
[White "Czybik, Nils Patrick"]
[Black "Schaefer, Heiko"]
[Result "1-0"]
[WhiteElo "2096"]
[BlackElo "2083"]
[PlyCount "52"]
[EventDate "2011.09.29"]
[EventType "swiss"]
[EventRounds "7"]
[EventCountry "GER"]
[SourceTitle "EXT 2014"]
[Source "ChessBase"]
[SourceDate "2013.11.20"]
[SourceVersion "1"]
[SourceVersionDate "2013.11.20"]
[SourceQuality "1"]

1. Nf3 e6 2. c4 f5 3. g3 Nf6 4. Bg2 Be7 5. 0-0 0-0 6. Nc3 d5 7. d4 c6 8. b3 Ne4 9. Bb2 Nd7 10. Qc2 Qe8 11. Ne5 Qh5 12. Nxe4 fxe4 13. f3 Rf6 14. fxe4 Nxe5 15. dxe5 Rh6 16. h3 Bd7 17. Qd3 g5 18. g4 Qe8 19. exd5 exd5 20. cxd5 Bc5+ 21. e3 Rd8 22. Bd4 Bxd4 23. exd4 cxd5 24. Bxd5+ Kh8 25. Qf3 Bb5 26. Rf2 Qd7 1-0

[Event "Goch op 22nd"]
[Site "Goch"]
[Date "2011.10.01"]
[Round "5"]
[White "Dehn, Marcus"]
[Black "Czybik, Nils Patrick"]
[Result "0-1"]
[WhiteElo "2122"]
[BlackElo "2096"]
[PlyCount "138"]
[EventDate "2011.09.29"]
[EventType "swiss"]
[EventRounds "7"]
[EventCountry "GER"]
[SourceTitle "EXT 2014"]
[Source "ChessBase"]
[SourceDate "2013.11.20"]
[SourceVersion "1"]
[SourceVersionDate "2013.11.20"]
[SourceQuality "1"]

1. e4 c5 2. Nc3 g6 3. f4 Bg7 4. Nf3 Nc6 5. Bb5 Nd4 6. Bd3 d6 7. Nxd4 cxd4 8. Ne2 e5 9. 0-0 Nf6 10. fxe5 dxe5 11. Bb5+ Nd7 12. d3 0-0 13. Bc4 Qe7 14. a4 Nb6 15. b3 Nxc4 16. bxc4 Qc7 17. Ba3 Re8 18. c3 Bg4 19. cxd4 exd4 20. Ra2 f5 21. exf5 Qe5 22. Rf2 Bxf5 23. Bc1 Re7 24. Bf4 Qa5 25. Bd2 Qc5 26. Qb3 Qb6 27. Qc2 Be5 28. Bg5 Re6 29. Ng3 Bg4 30. Ne4 Rae8 31. Rb2 Qc7 32. g3 Bf5 33. Bf4 Bxe4 34. dxe4 Bxf4 35. Rxf4 Qc6 36. c5 Rxe4 37. Qc4+ R8e6 38. Rf1 Kg7 39. Rbf2 Qd7 40. Qb3 Re1 41. Qf3 Rxf1+ 42. Rxf1 Re8 43. Qf6+ Kg8 44. Rf4 Rd8 45. Re4 d3 46. Re1 d2 47. Rd1 Qd5 48. Qf2 Kg7 49. Qe3 Qd4 50. Kf2 Kf6 51. a5 a6 52. Ke2 Qg4+ 53. Kf2 Qd4 54. h4 Qxe3+ 55. Kxe3 Ke5 56. g4 Rd4 57. h5 g5 58. h6 Kd5 59. Rxd2 Rxd2 60. Kxd2 Kd4 61. Kc2 Kxc5 62. Kc3 b5 63. axb6 Kxb6 64. Kd4 a5 65. Ke5 a4 66. Kf6 a3 67. Kg7 a2 68. Kxh7 a1Q 69. Kg8 Qd4 0-1

[Event "Goch op 22nd"]
[Site "Goch"]
[Date "2011.09.29"]
[Round "1"]
[White "Westermann, Walter"]
[Black "Czybik, Nils Patrick"]
[Result "0-1"]
[WhiteElo "1850"]
[BlackElo "2096"]
[PlyCount "64"]
[EventDate "2011.09.29"]
[EventType "swiss"]
[EventRounds "7"]
[EventCountry "GER"]
[SourceTitle "EXT 2014"]
[Source "ChessBase"]
[SourceDate "2013.11.20"]
[SourceVersion "1"]
[SourceVersionDate "2013.11.20"]
[SourceQuality "1"]

1. e4 c5 2. c3 g6 3. d4 cxd4 4. cxd4 d5 5. exd5 Nf6 6. Bb5+ Nbd7 7. Nf3 Nxd5 8. 0-0 Bg7 9. Nc3 Nc7 10. Ba4 0-0 11. Re1 Nb6 12. Bb3 Be6 13. Bf4 Ncd5 14. Be5 Bh6 15. Ne4 a5 16. Nc5 Bc8 17. a3 Qe8 18. Qe2 Qc6 19. Qe4 Bf5 20. Qh4 Bg7 21. Bxg7 Kxg7 22. g4 Bc8 23. Re5 Nf6 24. Ng5 h6 25. Nxf7 Rxf7 26. Bxf7 Kxf7 27. Qxh6 Bxg4 28. Rxe7+ Kxe7 29. Qg7+ Kd8 30. Re1 Nfd7 31. Re7 Bh3 32. Qh8+ Kxe7 0-1

[Event "GER-ch Net qual3 U18"]
[Site "Playchess.com INT"]
[Date "2009.05.17"]
[Round "3"]
[White "Czybik, Nils Patrick"]
[Black "Nguyen Minh, Thuy"]
[Result "1-0"]
[WhiteElo "2093"]
[BlackElo "1862"]
[PlyCount "49"]
[EventDate "2009.05.17"]
[EventType "swiss (blitz)"]
[EventRounds "7"]
[EventCountry "GER"]
[SourceTitle "CBM 130 Extra"]
[Source "ChessBase"]
[SourceDate "2009.07.02"]
[SourceVersion "2"]
[SourceVersionDate "2009.07.15"]
[SourceQuality "1"]

1. Nf3 d6 2. d4 Nf6 3. g3 Nbd7 4. Bg2 c5 5. d5 Nb6 6. Nc3 e6 7. e4 exd5 8. exd5 Bg4 9. h3 Bh5 10. 0-0 Be7 11. Re1 0-0 12. g4 Bg6 13. Bg5 h6 14. Bh4 Nfxd5 15. Nxd5 Bxh4 16. Nxh4 Qxh4 17. Ne7+ Kh7 18. Qxd6 Bxc2 19. Qxc5 Bg6 20. Qc7 Rae8 21. Qxb7 f5 22. Nxg6 Kxg6 23. Qc6+ Kh7 24. Rxe8 Rf6 25. Qc2 1-0

[Event "GER-ch Net qual3 U18"]
[Site "Playchess.com INT"]
[Date "2009.05.17"]
[Round "5"]
[White "Laubert, Johannes"]
[Black "Czybik, Nils Patrick"]
[Result "1-0"]
[WhiteElo "2039"]
[BlackElo "2093"]
[PlyCount "85"]
[EventDate "2009.05.17"]
[EventType "swiss (blitz)"]
[EventRounds "7"]
[EventCountry "GER"]
[SourceTitle "CBM 130 Extra"]
[Source "ChessBase"]
[SourceDate "2009.07.02"]
[SourceVersion "2"]
[SourceVersionDate "2009.07.15"]
[SourceQuality "1"]

1. e4 c5 2. Nf3 g6 3. d4 cxd4 4. Nxd4 Bg7 5. Nc3 Nc6 6. Be3 Nf6 7. f3 0-0 8. Qd2 d5 9. Nxc6 bxc6 10. e5 Nd7 11. f4 e6 12. Be2 c5 13. Nb5 f6 14. exf6 Bxf6 15. c3 a6 16. Nd6 Qc7 17. Nxc8 Rfxc8 18. 0-0 Bg7 19. Bg4 Qc6 20. Rae1 Nf6 21. Bf3 Rab8 22. Re2 Qc7 23. Rfe1 Re8 24. Bf2 Qd6 25. Bg3 Rb6 26. f5 Qd7 27. fxg6 hxg6 28. Qg5 Qf7 29. Be5 Nh7 30. Qg3 Bxe5 31. Qxe5 Nf8 32. Bxd5 exd5 33. Qxe8 Qxe8 34. Rxe8 Rxb2 35. Rf1 Rxa2 36. Rexf8+ Kg7 37. R8f2 Ra3 38. Rc2 a5 39. Rd1 Rb3 40. Rxd5 a4 41. Rxc5 a3 42. Ra5 Kh6 43. c4 1-0

[Event "GER-ch Net qual2 U18"]
[Site "Playchess.com INT"]
[Date "2009.05.13"]
[Round "2"]
[White "Czybik, Nils Patrick"]
[Black "Waidelich, Dominik"]
[Result "0-1"]
[WhiteElo "2093"]
[BlackElo "1884"]
[PlyCount "64"]
[EventDate "2009.05.13"]
[EventType "swiss (blitz)"]
[EventRounds "7"]
[EventCountry "GER"]
[SourceTitle "CBM 130 Extra"]
[Source "ChessBase"]
[SourceDate "2009.07.02"]
[SourceVersion "2"]
[SourceVersionDate "2009.07.15"]
[SourceQuality "1"]

1. Nf3 d5 2. c4 e6 3. g3 c6 4. Bg2 Nf6 5. 0-0 Be7 6. b3 0-0 7. Bb2 Nbd7 8. d3 Qc7 9. Nbd2 e5 10. cxd5 cxd5 11. Rc1 Qd6 12. Qc2 d4 13. Nc4 Qb8 14. a4 Re8 15. e3 dxe3 16. fxe3 Bc5 17. Qc3 Nd5 18. Qd2 a6 19. Kh1 b5 20. Ncxe5 Bxe3 21. Nxd7 Bxd7 22. Qa5 Bxc1 23. Rxc1 Ne3 24. Qc3 f6 25. Qd4 Qb7 26. Qd6 Nxg2 27. Rf1 Ne3 28. Rf2 Bg4 29. Qf4 Bxf3+ 30. Rxf3 Rac8 31. h4 Rc2 32. Bd4 Rf2 0-1

[Event "NRW-ch U18"]
[Site "Kranenburg"]
[Date "2009.04.18"]
[Round "7"]
[White "Schmitz, Philipp"]
[Black "Czybik, Nils Patrick"]
[Result "0-1"]
[WhiteElo "1717"]
[BlackElo "2093"]
[PlyCount "90"]
[EventDate "2009.04.13"]
[EventType "swiss"]
[EventRounds "7"]
[EventCountry "GER"]
[SourceTitle "EXT 2010"]
[Source "ChessBase"]
[SourceDate "2010.11.25"]
[SourceVersion "1"]
[SourceVersionDate "2010.11.25"]
[SourceQuality "1"]

1. e4 c5 2. Nf3 a6 3. d4 cxd4 4. Nxd4 Nf6 5. Nc3 e5 6. Nf3 Bb4 7. Bd2 0-0 8. Bd3 d5 9. Nxd5 Nxd5 10. exd5 Bxd2+ 11. Qxd2 e4 12. Bxe4 Re8 13. Ng5 h6 14. 0-0-0 hxg5 15. Bd3 Qf6 16. Rde1 Rd8 17. h4 g4 18. Qg5 Qxg5+ 19. hxg5 g6 20. Rh6 Nd7 21. Bc4 b5 22. Bb3 Nc5 23. Reh1 Nxb3+ 24. axb3 Kf8 25. Rh8+ Ke7 26. Rxd8 Kxd8 27. c4 a5 28. Kd2 a4 29. Ra1 Bb7 30. Kc3 axb3 31. Rxa8+ Bxa8 32. Kxb3 bxc4+ 33. Kxc4 Kc7 34. Kc5 Bb7 35. b4 Bc8 36. b5 Bb7 37. g3 Bc8 38. d6+ Kb7 39. Kd5 Kb6 40. Ke5 Kxb5 41. Kf6 Be6 42. d7 Bxd7 43. Kxf7 Bf5 44. Kf6 Kc4 45. Ke5 Kd3 0-1

[Event "NRW-ch U18"]
[Site "Kranenburg"]
[Date "2009.04.16"]
[Round "6"]
[White "Czybik, Nils Patrick"]
[Black "Steinbach, Ulrich"]
[Result "1-0"]
[WhiteElo "2093"]
[BlackElo "1796"]
[PlyCount "101"]
[EventDate "2009.04.13"]
[EventType "swiss"]
[EventRounds "7"]
[EventCountry "GER"]
[SourceTitle "EXT 2010"]
[Source "ChessBase"]
[SourceDate "2010.11.25"]
[SourceVersion "1"]
[SourceVersionDate "2010.11.25"]
[SourceQuality "1"]

1. Nf3 Nf6 2. g3 g6 3. b3 Bg7 4. Bb2 d6 5. d4 0-0 6. Bg2 Na6 7. 0-0 c5 8. c4 Rb8 9. Nc3 Bd7 10. e4 cxd4 11. Nxd4 Nc7 12. a4 a5 13. Ndb5 Nxb5 14. axb5 b6 15. Qd2 Qc7 16. Na4 Ng4 17. h3 Bxb2 18. Qxb2 Ne5 19. Rfd1 Be6 20. f4 Nd7 21. g4 f6 22. Kh1 Rfd8 23. Nc3 Rbc8 24. Ne2 Nf8 25. Nd4 Bd7 26. Nf3 e5 27. f5 g5 28. h4 h6 29. hxg5 hxg5 30. Kh2 Be8 31. Qd2 Kf7 32. Kg3 d5 33. exd5 e4+ 34. d6 exf3 35. dxc7 Rxd2 36. Rxd2 fxg2 37. Rd6 Nd7 38. Rc6 Ne5 39. Rxb6 Rxc7 40. Kxg2 Nxg4 41. Rxa5 Ne3+ 42. Kf2 Nxf5 43. Raa6 Nd4 44. Rxf6+ Kg7 45. b6 Rb7 46. Ra7 Kxf6 47. Rxb7 Nxb3 48. Rc7 Na5 49. Ra7 Nc6 50. b7 Ke5 51. Ra6 1-0

[Event "GER-ch Net qual4 U18"]
[Site "Playchess.com INT"]
[Date "2008.06.11"]
[Round "3"]
[White "Czybik, Nils Patrick"]
[Black "Helmer, Christoph"]
[Result "1/2-1/2"]
[WhiteElo "2052"]
[BlackElo "1861"]
[PlyCount "107"]
[EventDate "2008.06.11"]
[EventType "swiss (blitz)"]
[EventRounds "7"]
[EventCountry "GER"]
[SourceTitle "CBM 124 Extra"]
[Source "ChessBase"]
[SourceDate "2008.07.03"]
[SourceVersion "1"]
[SourceVersionDate "2008.07.03"]
[SourceQuality "1"]

1. Nf3 Nf6 2. g3 g6 3. b3 Bg7 4. Bb2 0-0 5. Bg2 d6 6. d4 Nbd7 7. 0-0 c6 8. Re1 Qc7 9. e4 e5 10. dxe5 dxe5 11. Nbd2 Re8 12. Qe2 Nf8 13. Red1 N6d7 14. Nc4 Ne6 15. Bh3 Nb6 16. Bxe5 Bxe5 17. Ncxe5 Nf4 18. gxf4 Bxh3 19. c4 f6 20. c5 fxe5 21. cxb6 axb6 22. Nxe5 Rxe5 23. fxe5 Qxe5 24. Qe3 Qh5 25. Rd3 Bg4 26. f3 Bh3 27. f4 Bg4 28. h3 Be6 29. Kh2 Re8 30. Rad1 Bd5 31. e5 b5 32. R1d2 Be6 33. Rd8 Rxd8 34. Rxd8+ Kg7 35. Rd6 Qf5 36. Qd3 Qxf4+ 37. Qg3 Qf5 38. Rd2 h5 39. Rf2 Qe4 40. Qg5 Bf5 41. Qf6+ Kh7 42. Qe7+ Kh6 43. Qf8+ Kh7 44. Qf6 b6 45. Qf7+ Kh6 46. Qf8+ Kh7 47. Qf7+ Kh6 48. Qf6 Kh7 49. h4 Qg4 50. Qf7+ Kh6 51. Qf8+ Kh7 52. Qf7+ Kh8 53. Qf8+ Kh7 54. Qf7+ 1/2-1/2

[Event "GER-ch Net qual4 U18"]
[Site "Playchess.com INT"]
[Date "2008.06.11"]
[Round "2"]
[White "Hoefelsauer, Thomas"]
[Black "Czybik, Nils Patrick"]
[Result "0-1"]
[WhiteElo "2115"]
[BlackElo "2052"]
[PlyCount "60"]
[EventDate "2008.06.11"]
[EventType "swiss (blitz)"]
[EventRounds "7"]
[EventCountry "GER"]
[SourceTitle "CBM 124 Extra"]
[Source "ChessBase"]
[SourceDate "2008.07.03"]
[SourceVersion "1"]
[SourceVersionDate "2008.07.03"]
[SourceQuality "1"]

1. e4 c5 2. Nf3 g6 3. d4 cxd4 4. Nxd4 Nc6 5. f3 Bg7 6. Be3 Nf6 7. c4 0-0 8. Qd2 d6 9. Nc3 Nxd4 10. Bxd4 Nd7 11. Be2 Bxd4 12. Qxd4 Qb6 13. Qxb6 Nxb6 14. b3 Be6 15. f4 a5 16. a4 f5 17. g3 fxe4 18. Nxe4 Rac8 19. 0-0-0 d5 20. Ng5 Bf5 21. g4 Bd7 22. Kb1 h6 23. Nh3 dxc4 24. Bxc4+ Kg7 25. Rhg1 Bxa4 26. Be6 Rc3 27. Nf2 Bxb3 28. Bxb3 Rxb3+ 29. Ka2 Re3 30. f5 Re2+ 0-1

[Event "GER-ch U18"]
[Site "Willingen"]
[Date "2008.05.16"]
[Round "8"]
[White "Czybik, Nils Patrick"]
[Black "Tereick, Benjamin"]
[Result "0-1"]
[WhiteElo "2072"]
[BlackElo "2379"]
[PlyCount "139"]
[EventDate "2008.05.11"]
[EventType "swiss"]
[EventRounds "9"]
[EventCountry "GER"]
[SourceTitle "CBM 124 Extra"]
[Source "ChessBase"]
[SourceDate "2008.07.03"]
[SourceVersion "1"]
[SourceVersionDate "2008.07.03"]
[SourceQuality "1"]

1. Nf3 c5 2. c4 g6 3. e4 Bg7 4. d4 d6 5. dxc5 dxc5 6. Qxd8+ Kxd8 7. Nc3 Bxc3+ 8. bxc3 Nc6 9. Be3 b6 10. Be2 h6 11. Nd2 Nf6 12. f4 Bg4 13. Bd3 Be6 14. Rf1 g5 15. h3 gxf4 16. Bxf4 Nd7 17. 0-0-0 Nde5 18. Be2 Kc8 19. g4 Kb7 20. Rg1 f6 21. Kc2 Rag8 22. Rdf1 Kc8 23. Rd1 Rg7 24. Rh1 Bf7 25. Rhg1 h5 26. gxh5 Rxg1 27. Rxg1 Bxh5 28. Bf1 Bf7 29. Rh1 Be6 30. Rh2 Kd7 31. Kd1 Rh5 32. Ke1 Na5 33. Be2 Rxh3 34. Rxh3 Bxh3 35. Bxe5 fxe5 36. Kf2 Be6 37. a3 Kc7 38. Ke3 Kd8 39. Kd3 Ke8 40. Ke3 Kf8 41. Bf1 Kg7 42. Be2 Kf6 43. Bf1 Nb7 44. Be2 Nd6 45. Bf1 Bg4 46. Bd3 Bd1 47. Bf1 Nf7 48. Bh3 Nh6 49. Nf1 Kg5 50. Bd7 Ng4+ 51. Bxg4 Bxg4 52. Ng3 Be6 53. Ne2 Bxc4 54. Ng1 Kf6 55. Nf3 Bf7 56. Kd3 Bh5 57. Nd2 Ke6 58. Nc4 b5 59. Na5 c4+ 60. Ke3 Kd6 61. Nb7+ Kc6 62. Nd8+ Kb6 63. Ne6 Ka5 64. Nc7 Bf7 65. Nd5 Bxd5 66. exd5 Ka4 67. Ke4 Kb3 68. Kxe5 Kxc3 69. Ke6 Kd4 70. a4 0-1

[Event "GER-ch U18"]
[Site "Willingen"]
[Date "2008.05.14"]
[Round "6"]
[White "Stips, Felix"]
[Black "Czybik, Nils Patrick"]
[Result "0-1"]
[WhiteElo "2095"]
[BlackElo "2072"]
[PlyCount "165"]
[EventDate "2008.05.11"]
[EventType "swiss"]
[EventRounds "9"]
[EventCountry "GER"]
[SourceTitle "CBM 124 Extra"]
[Source "ChessBase"]
[SourceDate "2008.07.03"]
[SourceVersion "1"]
[SourceVersionDate "2008.07.03"]
[SourceQuality "1"]

1. Nf3 c5 2. c4 g6 3. d4 cxd4 4. Nxd4 Bg7 5. e4 Nc6 6. Be3 Nf6 7. Nc3 0-0 8. Be2 d6 9. 0-0 Bd7 10. Qd2 Nxd4 11. Bxd4 Bc6 12. f3 Nd7 13. Be3 a5 14. b3 Nc5 15. Rab1 Qb6 16. Rfc1 Rfc8 17. Rc2 Qd8 18. Bf1 Qf8 19. a3 Bf6 20. b4 axb4 21. axb4 Na4 22. Nd5 Bxd5 23. exd5 Qg7 24. Kh1 Nc3 25. Rbc1 Ra3 26. Bh6 Qh8 27. Bg5 Na4 28. Bxf6 Qxf6 29. c5 dxc5 30. bxc5 Ra1 31. c6 bxc6 32. dxc6 Rxc1 33. Qxc1 Rc7 34. h3 Nb6 35. Bb5 Nd5 36. Qd2 e6 37. Ra2 Kg7 38. Rc2 Qe5 39. Kg1 Ra7 40. Rc1 h5 41. Bc4 Ne7 42. Qc3 Nxc6 43. Bxe6 Nd4 44. Bc4 Kh7 45. Kh1 Qf4 46. Re1 Nf5 47. Bd5 Rc7 48. Qe5 Qxe5 49. Rxe5 Rc1+ 50. Kh2 h4 51. Re4 Kg7 52. Bb7 g5 53. Rg4 f6 54. Bd5 Ne3 55. Rd4 Nf1+ 56. Kg1 Ng3+ 57. Kf2 Rc2+ 58. Ke1 Re2+ 59. Kd1 Rxg2 60. f4 Rh2 61. fxg5 fxg5 62. Be6 Kf6 63. Bg4 Ke5 64. Rb4 Ne4 65. Rb5+ Kf4 66. Rf5+ Kg3 67. Rf3+ Kg2 68. Ke1 Rh1+ 69. Ke2 Ng3+ 70. Ke3 Re1+ 71. Kd2 Rh1 72. Ke3 Re1+ 73. Kd2 Rf1 74. Rxf1 Nxf1+ 75. Kd3 Kg3 76. Ke4 Nh2 77. Bc8 Nf3 78. Bg4 Ng1 79. Kf5 Nxh3 80. Bh5 Nf4 81. Bg4 h3 82. Bxh3 Nxh3 83. Kg6 0-1

[Event "NRW-ch U18"]
[Site "Kranenburg"]
[Date "2008.03.29"]
[Round "7"]
[White "Czybik, Nils Patrick"]
[Black "Plassmann, Dominik"]
[Result "1-0"]
[WhiteElo "2012"]
[BlackElo "1888"]
[PlyCount "128"]
[EventDate "2008.03.24"]
[EventType "swiss"]
[EventRounds "7"]
[EventCountry "GER"]
[SourceTitle "EXT 2009"]
[Source "ChessBase"]
[SourceDate "2008.11.26"]
[SourceVersion "1"]
[SourceVersionDate "2008.11.26"]
[SourceQuality "1"]

1. Nf3 c5 2. c4 g6 3. Nc3 Bg7 4. d4 cxd4 5. Nxd4 Nf6 6. e4 d6 7. Be2 Nc6 8. Be3 Bd7 9. 0-0 0-0 10. f3 Rc8 11. Qd2 a6 12. Rac1 Re8 13. Nb3 Ne5 14. Nd5 Be6 15. Qb4 Bxd5 16. cxd5 Qd7 17. a4 Rxc1 18. Rxc1 Rc8 19. Rxc8+ Qxc8 20. Qc3 Qd7 21. Qb4 Qc7 22. Na5 Qc2 23. Bf1 h5 24. Qxb7 Nfg4 25. fxg4 Nxg4 26. Ba7 Qd2 27. Nb3 Qf4 28. g3 Qxe4 29. Qc8+ Kh7 30. Qc4 Qf5 31. Qd3 Qd7 32. Bd4 Ne5 33. Bxe5 Bxe5 34. Qxa6 Bxb2 35. a5 h4 36. Qc4 hxg3 37. hxg3 Qa7+ 38. Kg2 Be5 39. a6 f5 40. Na5 Bxg3 41. Kxg3 Qe3+ 42. Kh2 Qd2+ 43. Qe2 Qxa5 44. Qxe7+ Kh6 45. Qxd6 Qd2+ 46. Bg2 f4 47. Qa3 Qf2 48. a7 f3 49. Qxf3 Qxa7 50. d6 Qd4 51. Qf8+ Kh7 52. Qf7+ Kh6 53. d7 Qd6+ 54. Kh3 Qd3+ 55. Bf3 Qf1+ 56. Kg3 Qe1+ 57. Kf4 Qd2+ 58. Ke5 Qc3+ 59. Ke6 Qe3+ 60. Kd6 Qa3+ 61. Kc7 Qa7+ 62. Bb7 Qa5+ 63. Kc8 Qc5+ 64. Kd8 Kh5 1-0

[Event "NRW-ch U18"]
[Site "Kranenburg"]
[Date "2008.03.27"]
[Round "5"]
[White "Savchenko, Aleksij"]
[Black "Czybik, Nils Patrick"]
[Result "1-0"]
[WhiteElo "2157"]
[BlackElo "2012"]
[PlyCount "80"]
[EventDate "2008.03.24"]
[EventType "swiss"]
[EventRounds "7"]
[EventCountry "GER"]
[SourceTitle "EXT 2009"]
[Source "ChessBase"]
[SourceDate "2008.11.26"]
[SourceVersion "1"]
[SourceVersionDate "2008.11.26"]
[SourceQuality "1"]

1. d4 Nf6 2. c4 e6 3. Nc3 Bb4 4. f3 d5 5. a3 Be7 6. e4 dxe4 7. fxe4 e5 8. d5 Bc5 9. Be2 Ng4 10. Bxg4 Qh4+ 11. g3 Qxg4 12. Qxg4 Bxg4 13. h3 Bh5 14. g4 Bg6 15. Nf3 Nd7 16. b4 Bd4 17. Nxd4 exd4 18. Nb5 Bxe4 19. 0-0 0-0 20. Nxc7 Rac8 21. Bf4 Nb6 22. Rfe1 f5 23. Rac1 d3 24. d6 Rf7 25. g5 Rd7 26. Red1 a6 27. Kf2 Kf7 28. Rc3 Na8 29. a4 Nxc7 30. dxc7 Ke6 31. b5 axb5 32. axb5 Ra8 33. Rd2 Re7 34. c5 Ree8 35. c6 b6 36. Be3 Ra5 37. Rb3 Kd5 38. Bxb6 Kc4 39. Bxa5 Kxb3 40. b6 Bxc6 1-0

[Event "NRW-ch U18"]
[Site "Kranenburg"]
[Date "2008.03.26"]
[Round "4"]
[White "Scharnowski, Tobias"]
[Black "Czybik, Nils Patrick"]
[Result "0-1"]
[WhiteElo "2105"]
[BlackElo "2012"]
[PlyCount "45"]
[EventDate "2008.03.24"]
[EventType "swiss"]
[EventRounds "7"]
[EventCountry "GER"]
[SourceTitle "EXT 2009"]
[Source "ChessBase"]
[SourceDate "2008.11.26"]
[SourceVersion "1"]
[SourceVersionDate "2008.11.26"]
[SourceQuality "1"]

1. e4 c5 2. Nf3 g6 3. d4 cxd4 4. Nxd4 Nc6 5. Nc3 Bg7 6. Be3 Nf6 7. Bc4 0-0 8. Bb3 d6 9. f3 Nd7 10. h4 Qa5 11. h5 Nxd4 12. Bxd4 Qg5 13. hxg6 hxg6 14. Nd5 Be5 15. Be3 Qxg2 16. Nxe7+ Kg7 17. Bh6+ Kh7 18. Bxf8+ Qxh1+ 19. Kd2 Qg2+ 20. Kd3 Nxf8 21. Bxf7 Be6 22. Qh1+ Qxh1 23. Rxh1+ 0-1

[Event "NRW-ch U16"]
[Site "Kranenburg"]
[Date "2007.04.14"]
[Round "7"]
[White "Czybik, Nils Patrick"]
[Black "Hobusch, Alexander"]
[Result "1/2-1/2"]
[WhiteElo "2007"]
[BlackElo "2021"]
[PlyCount "91"]
[EventDate "2007.04.09"]
[EventType "swiss"]
[EventRounds "7"]
[EventCountry "GER"]
[SourceTitle "EXT 2008"]
[Source "ChessBase"]
[SourceDate "2007.11.25"]
[SourceVersion "1"]
[SourceVersionDate "2007.11.25"]
[SourceQuality "1"]

1. Nf3 e6 2. g3 d5 3. Bg2 Nf6 4. d4 Be7 5. 0-0 0-0 6. Nbd2 Nbd7 7. Re1 b6 8. c4 c6 9. e4 dxe4 10. Ng5 Bb7 11. Ngxe4 Qc7 12. Qc2 c5 13. dxc5 Nxc5 14. Nxc5 Bxc5 15. Ne4 Nxe4 16. Bxe4 Bxe4 17. Qxe4 Rad8 18. Bf4 Bd6 19. Be3 Rd7 20. Red1 Rfd8 21. Bg5 Be7 22. Rxd7 Qxd7 23. Bxe7 Qxe7 24. a3 Qf6 25. Qe2 Qd4 26. Rc1 Kf8 27. Qc2 Qd2 28. b3 Qxc2 29. Rxc2 Rd3 30. c5 bxc5 31. Rxc5 Rxb3 32. Rc8+ Ke7 33. Rc7+ Kf6 34. Rxa7 h5 35. Kg2 g6 36. h3 Rc3 37. Ra4 Kg7 38. g4 hxg4 39. hxg4 Rb3 40. f3 g5 41. Kg3 Kg6 42. Ra5 Rb2 43. a4 Ra2 44. Ra8 Kg7 45. a5 Kg6 46. Ra6 1/2-1/2

[Event "NRW-ch U16"]
[Site "Kranenburg"]
[Date "2007.04.09"]
[Round "1"]
[White "Czybik, Nils Patrick"]
[Black "Weber, Andre"]
[Result "1/2-1/2"]
[WhiteElo "2007"]
[BlackElo "1677"]
[PlyCount "83"]
[EventDate "2007.04.09"]
[EventType "swiss"]
[EventRounds "7"]
[EventCountry "GER"]
[SourceTitle "EXT 2008"]
[Source "ChessBase"]
[SourceDate "2007.11.25"]
[SourceVersion "1"]
[SourceVersionDate "2007.11.25"]
[SourceQuality "1"]

1. e4 c5 2. Ne2 d6 3. Nbc3 Nc6 4. g3 g6 5. Bg2 Bg7 6. d3 e6 7. Be3 Nge7 8. d4 cxd4 9. Nxd4 a6 10. Qd2 Ne5 11. 0-0-0 Qc7 12. Nb3 Nc4 13. Qd3 0-0 14. Bd4 e5 15. Be3 Be6 16. Kb1 Rac8 17. Bc1 b5 18. h4 b4 19. Nd5 Nxd5 20. exd5 Bg4 21. Rde1 a5 22. Bh3 Bxh3 23. Rxh3 f5 24. f3 a4 25. Nd2 Nb6 26. Nf1 Qb7 27. Qb5 Qc7 28. Rh2 Qc5 29. Qxc5 Rxc5 30. Be3 Rb5 31. Bxb6 Rxb6 32. Ne3 f4 33. gxf4 Rxf4 34. Rf1 Rb8 35. h5 gxh5 36. Ng2 Rd4 37. Rxh5 Rf8 38. Rh4 e4 39. f4 Rxd5 40. Ne3 Rd2 41. f5 d5 42. Kc1 1/2-1/2